Normal view
MARC view
- JOHNSTONE, R. E,THRING, M. W
Entry Personal Name
001 - CONTROL NUMBER
- control field: 57220
003 - CONTROL NUMBER IDENTIFIER
- control field: NUST
005 - DATE AND TIME OF LATEST TRANSACTION
- control field: 20210628201856.0
008 - FIXED-LENGTH DATA ELEMENTS
- fixed length control field: 210628|| aca||aabn | a|a d
040 ## - CATALOGING SOURCE
- Original cataloging agency: NUST
- Transcribing agency: NUST
100 ## - HEADING--PERSONAL NAME
- Personal name: JOHNSTONE, R. E,THRING, M. W
670 ## - SOURCE DATA FOUND
- Source citation: Work cat.: (NUST): JOHNSTONE, R. E,THRING, M. W, PILOT PLANTS MODELS AND SCALEUP METHODS IN CHEMICAL ENGINEERING, 1957
